000
00292nam a2200109Ia 4500
008
220204s9999 xx 000 0 und d
082
_a
621.89(035)
_b
OCO
100
_a
Oconnor, J J
245
0
_a
Standard handbook of lubricate engineering
260
_a
New York
_b
McGraw Hill
_c
1968
942
_c
BK
999
_c
28443
_d
28443